000 00460nam a2200157Ia 4500
008 210716s2019 xx 000 0 und d
020 _a9789353285791
041 _aeng
082 _a374.22 BANR
100 _aBanerjee, Robin.
245 _aWho blunders and how: the dumb side of the corporate world.
_bDumb side of the corporate world.
250 _a1
260 _aNew Delhi
_bSage Publications
_c2019
300 _axxv,264
650 _aGeneral Management
999 _c211433
_d211433